000 00934nam a22002417a 4500
999 _c41534
_d41534
001 12510
003 CO-MdFUSB
005 20180622073148.0
008 180420t2004 sp ||||| |||| 00| 0 spa d
020 _a84-8267-418-8
040 _aCO-MdFUSB
_bspa
_cCO-MdFUSB
_dCO-MdFUSBC
_erda
041 0 _aspa
082 0 4 _aG 228 C3344a
100 1 _aCasado Cámara, David
_eautor
245 1 3 _aEl Apocalipsis
_b: Revelación y acontecimiento humano
_c/ David Casado Cámara
264 4 _aBarcelona :
_bCLIE - SEUT,
_c©2004
300 _a299 Pag
336 _2rdacontent
_atexto
_btxt
337 _2rdamedia
_asin mediación
_bn
338 _2rdacarrier
_avolumen
_bnc
505 0 0 _a- El libro de Apocalipsis y su lenguaje - El libro de Apocalipsis y la historia - El libro de Apocalipsis y lo religioso - El libro de Apocalipsis y la profecía - El libro de Apocalipsis y lo político - El libro de Apocalipsis y su estructura
942 _cBK